| 000 | 00396nam a2200157 4500 | ||
|---|---|---|---|
| 005 | 20260505103900.0 | ||
| 008 | 260505b |||||||| |||| 00| 0 eng d | ||
| 020 |
_a9780590405867 _qpbk |
||
| 041 | _aeng | ||
| 082 |
_a793.73 _bCLA |
||
| 100 | _aClaro, Joe | ||
| 245 |
_aSuper Puzzle Challenge _cby Joe Claro |
||
| 260 |
_aNew York _bScholastic Inc., _c1982 |
||
| 300 | _a64p. | ||
| 942 | _cENGLISH | ||
| 999 |
_c622504 _d622504 |
||